|
|
|
|
| LEADER |
00000nam0a2200000 4500 |
| 001 |
81777 |
| 005 |
20231031095329.0 |
| 010 |
|
|
|a 5900486079
|
| 020 |
|
|
|a RU
|b 93-25822
|
| 035 |
|
|
|a (RuTPU)RU\TPU\book\87887
|
| 090 |
|
|
|a 81777
|
| 100 |
|
|
|a 20050923d1993 m y0rusy5003 ca
|
| 101 |
1 |
|
|a rus
|c eng
|
| 102 |
|
|
|a RU
|
| 105 |
|
|
|a y z 000ay
|
| 200 |
1 |
|
|a Еретики Дюны
|e [роман]
|e пер. с англ.
|f Ф. Херберт
|g пер. А. Биргер; худож. С. Ситников
|
| 210 |
|
|
|a Москва
|c Скарабей
|c Текс
|d 1993
|
| 215 |
|
|
|a 510,[1] с.
|d 21 см
|
| 225 |
1 |
|
|a Имперская серия
|
| 300 |
|
|
|a Продолж. романа "Дюна"
|
| 488 |
|
1 |
|0 (RuTPU)RU\TPU\book\87885
|y 5-86740-011-5
|t Дюна
|o научно-фантастический роман
|o пер. с англ.
|f Ф. Херберт
|g пер. Ю. Соколов; худож. Н. Е. Иванова
|c М.
|n ТОО "ФЕЯ"
|n НВП "Пластик-информ"
|d 1992
|p 574,[2] с.
|s Мастера мировой фантастики
|a Херберт, Фрэнк
|
| 610 |
1 |
|
|a американская литература
|
| 610 |
1 |
|
|a научно-фантастические романы
|
| 675 |
|
|
|a 82
|z rus
|
| 700 |
|
1 |
|a Херберт
|b Ф.
|g Фрэнк
|4 070
|
| 702 |
|
1 |
|a Биргер
|b А.
|4 730
|
| 702 |
|
1 |
|a Ситников
|b С.
|4 440
|
| 801 |
|
0 |
|a RU
|b RuMRKP
|c 19950413
|g psbo
|
| 801 |
|
1 |
|a RU
|b 63413507
|c 20050923
|g PSBO
|
| 801 |
|
2 |
|a RU
|b 63413507
|c 20060124
|g PSBO
|
| 942 |
|
|
|c BK
|